[Event "Corsica-ch"]
[Site "Bastia"]
[Date "2013.06.30"]
[Round "1"]
[White "Battesti, Saveriu"]
[Black "Luciani, Thibault"]
[Result "1/2-1/2"]
[WhiteElo "2010"]
[BlackElo "2089"]
[PlyCount "191"]
[EventDate "2013.06.29"]
[EventType "tourn"]
[EventRounds "7"]
[EventCountry "FRA"]
[SourceTitle "EXT 2014"]
[Source "ChessBase"]
[SourceDate "2013.11.20"]
[SourceVersion "1"]
[SourceVersionDate "2013.11.20"]
[SourceQuality "1"]

1. e4 c5 2. Nf3 d6 3. c3 Nf6 4. h3 Nc6 5. d4 cxd4 6. cxd4 Nxe4 7. d5 Qa5+ 8. Nc3 Nxc3 9. bxc3 Ne5 10. Nxe5 Qxc3+ 11. Bd2 Qxe5+ 12. Be2 g6 13. 0-0 Bg7 14. Bb5+ Kf8 15. Rc1 Qxd5 16. Bc4 Qd4 17. Qf3 Qf6 18. Qb3 Qb2 19. Qf3 Qf6 20. Qb3 Rb8 21. Rfe1 Kg8 22. Qa4 Be6 23. Qxa7 Rf8 24. Bc3 Qf4 25. Bxe6 fxe6 26. Bxg7 Kxg7 27. Rc7 d5 28. Rxb7 d4 29. Rxe7+ Kh6 30. f3 Ra8 31. Rxh7+ Rxh7 32. Qxa8 d3 33. Qe4 Qxe4 34. Rxe4 Rd7 35. Re1 Kg5 36. g3 Kf5 37. Kf2 Ra7 38. Ra1 Ra3 39. Ke3 Ke5 40. Rd1 Rxa2 41. Rxd3 Rh2 42. h4 Rh1 43. Ra3 Kf5 44. g4+ Kf6 45. g5+ Kf5 46. Ra5+ e5 47. Ra4 Rh2 48. Rb4 Rh1 49. Kf2 Ke6 50. Kg2 Ra1 51. Rb6+ Kf7 52. Rb7+ Kf8 53. Rb6 Kf7 54. Rb7+ Kf8 55. Rb5 Re1 56. Rb6 Kf7 57. Rf6+ Kg7 58. Ra6 Kf7 59. Ra7+ Kf8 60. Ra4 Rc1 61. Ra5 Re1 62. Kf2 Rh1 63. Ra4 Kf7 64. Ra7+ Kf8 65. Ra4 Rc1 66. Ra5 Rh1 67. Rxe5 Rxh4 68. Kg3 Ra4 69. Rb5 Kg7 70. Rb7+ Kg8 71. Rd7 Rb4 72. Kf2 Rb3 73. f4 Rb1 74. Ke3 Re1+ 75. Kf3 Rf1+ 76. Ke4 Re1+ 77. Kd5 Re2 78. Rd6 Kg7 79. Re6 Rd2+ 80. Ke5 Re2+ 81. Kd6 Rd2+ 82. Ke7 Ra2 83. Rf6 Ra7+ 84. Ke6 Ra6+ 85. Ke5 Ra5+ 86. Ke4 Ra4+ 87. Kf3 Ra1 88. Rc6 Rf1+ 89. Ke4 Re1+ 90. Kd5 Re2 91. Rc7+ Kg8 92. Kd6 Re4 93. Rc8+ Kg7 94. Rc7+ Kg8 95. Rc8+ Kg7 96. Rc7+ 1/2-1/2

[Event "FRA-ch U18"]
[Site "Saint Paul Trois Chateaux"]
[Date "2013.05.02"]
[Round "5"]
[White "Djemai, Djamel"]
[Black "Luciani, Thibault"]
[Result "1/2-1/2"]
[WhiteElo "1830"]
[BlackElo "2081"]
[PlyCount "108"]
[EventDate "2013.04.28"]
[EventType "swiss"]
[EventRounds "9"]
[EventCountry "FRA"]
[SourceTitle "CBM 154 Extra"]
[Source "ChessBase"]
[SourceDate "2013.06.25"]
[SourceVersion "2"]
[SourceVersionDate "2013.06.25"]
[SourceQuality "1"]

1. e4 c5 2. Nc3 Nc6 3. g3 g6 4. Bg2 Bg7 5. d3 e6 6. Be3 d6 7. Qd2 Rb8 8. Nge2 Nd4 9. 0-0 b5 10. Nc1 b4 11. Nd1 Ne7 12. c3 bxc3 13. bxc3 Ndc6 14. Bh6 0-0 15. Bxg7 Kxg7 16. Ne3 d5 17. Nb3 Qd6 18. Rfe1 a5 19. Ng4 f6 20. Rad1 a4 21. Nc1 d4 22. cxd4 cxd4 23. f4 e5 24. Nf2 Qa3 25. Re2 Rb6 26. Bh3 Bxh3 27. Nxh3 Rd8 28. fxe5 Nxe5 29. Qf4 h6 30. Rf2 g5 31. Qd2 Rb2 32. Qa5 Ng4 33. Re2 Ne3 34. Rde1 Rxe2 35. Nxe2 Qxa2 36. Qa7 Re8 37. Qxd4 Qd2 38. Qc3 Qxc3 39. Nxc3 Nc2 40. Re2 Nd4 41. Ra2 Rb8 42. Rxa4 Nec6 43. Nf2 Rb2 44. Kg2 h5 45. h3 Kg6 46. Rc4 Kf7 47. Ncd1 Rb4 48. Rxb4 Nxb4 49. Ne3 Ke6 50. Nc4 Kd7 51. Ne3 Ke6 52. Nc4 Kd7 53. Ne3 Ke6 54. Nc4 Kd7 1/2-1/2

[Event "FRA-ch U18"]
[Site "Saint Paul Trois Chateaux"]
[Date "2013.04.30"]
[Round "3"]
[White "Loiseau, Quentin"]
[Black "Luciani, Thibault"]
[Result "1/2-1/2"]
[WhiteElo "2403"]
[BlackElo "2081"]
[PlyCount "67"]
[EventDate "2013.04.28"]
[EventType "swiss"]
[EventRounds "9"]
[EventCountry "FRA"]
[SourceTitle "CBM 154 Extra"]
[Source "ChessBase"]
[SourceDate "2013.06.25"]
[SourceVersion "2"]
[SourceVersionDate "2013.06.25"]
[SourceQuality "1"]

1. d4 d5 2. c4 c6 3. Nc3 Nf6 4. Nf3 e6 5. g3 Nbd7 6. Bg2 Bd6 7. 0-0 0-0 8. Qc2 b6 9. e4 dxe4 10. Nxe4 Be7 11. Ne5 Nxe5 12. dxe5 Nd7 13. Bf4 Qc7 14. Nf6+ Nxf6 15. exf6 Bd6 16. Bxd6 Qxd6 17. Rad1 Qc7 18. Qc3 e5 19. fxg7 Re8 20. f4 Bg4 21. Rde1 exf4 22. Rxf4 Rxe1+ 23. Qxe1 Bh5 24. Rf6 Rd8 25. Rxc6 Qd7 26. Bd5 Re8 27. Qc3 Re2 28. Rf6 Qe7 29. Rf2 Rxf2 30. Kxf2 Qe2+ 31. Kg1 Qd1+ 32. Kf2 Qe2+ 33. Kg1 Qd1+ 34. Kf2 1/2-1/2

[Event "Calvi Balagne op 10th"]
[Site "Calvi"]
[Date "2013.04.13"]
[Round "3"]
[White "Fressinet, Laurent"]
[Black "Luciani, Thibault"]
[Result "1-0"]
[WhiteElo "2706"]
[BlackElo "2081"]
[PlyCount "55"]
[EventDate "2013.04.13"]
[EventType "swiss (rapid)"]
[EventRounds "9"]
[EventCountry "FRA"]
[SourceTitle "CBM 153 Extra"]
[Source "ChessBase"]
[SourceDate "2013.04.22"]
[SourceVersion "1"]
[SourceVersionDate "2013.04.22"]
[SourceQuality "1"]

1. e4 c5 2. Nc3 Nc6 3. Nf3 d6 4. d4 cxd4 5. Nxd4 Nf6 6. Bc4 g6 7. Nxc6 bxc6 8. e5 Nd7 9. exd6 e5 10. Qf3 Qf6 11. Qxf6 Nxf6 12. Bg5 Nd7 13. 0-0-0 h6 14. Be3 Bg7 15. Ne4 0-0 16. Nc5 Kh7 17. f3 Nxc5 18. Bxc5 Bd7 19. b3 f5 20. Rhe1 Rae8 21. Re2 e4 22. a4 exf3 23. gxf3 Rxe2 24. Bxe2 Re8 25. Ba6 Re5 26. b4 Rd5 27. Rxd5 cxd5 28. Bb5 1-0

[Event "Corsica-ch"]
[Site "Bastia"]
[Date "2012.06.26"]
[Round "4"]
[White "Utrera, Ludovic"]
[Black "Luciani, Thibault"]
[Result "0-1"]
[WhiteElo "1953"]
[BlackElo "1998"]
[PlyCount "96"]
[EventDate "2012.06.23"]
[EventType "tourn"]
[EventRounds "7"]
[EventCountry "FRA"]
[SourceTitle "CBM 149 Extra"]
[Source "ChessBase"]
[SourceDate "2012.08.24"]
[SourceVersion "1"]
[SourceVersionDate "2012.08.24"]
[SourceQuality "1"]

1. e4 c5 2. Nf3 d6 3. d4 cxd4 4. Nxd4 Nf6 5. Nc3 g6 6. Be3 Bg7 7. f3 0-0 8. Qd2 Nc6 9. 0-0-0 Nxd4 10. Bxd4 Be6 11. Nd5 Bxd5 12. exd5 e5 13. Be3 Qc7 14. h4 Rfc8 15. c3 Rab8 16. h5 b5 17. Bh6 Bh8 18. hxg6 fxg6 19. g3 Bg7 20. Bh3 Rf8 21. Be6+ Kh8 22. Bxg7+ Qxg7 23. Rh6 e4 24. fxe4 Nxe4 25. Qe3 Nxg3 26. Rxh7+ Qxh7 27. Qxg3 Qh6+ 28. Kc2 Rbd8 29. Rd2 Kg7 30. Qg1 Ra8 31. Qd4+ Rf6 32. Qb4 Qf4 33. Qxb5 Raf8 34. Qd7+ Kh6 35. Re2 Qg3 36. Qxa7 Rf2 37. Rxf2 Rxf2+ 38. Kb3 Qh2 39. Qa3 g5 40. Bg4 Kg6 41. Bd7 Kf6 42. Be6 Ke5 43. Bd7 Qg2 44. Bb5 Qxd5+ 45. Bc4 Qb7+ 46. Qb4 Qxb4+ 47. cxb4 g4 48. b5 d5 0-1

[Event "Corsica-chT"]
[Site "Bastia"]
[Date "2012.06.02"]
[Round "1.6"]
[White "Luciani, Thibault"]
[Black "Guyon, Pascal"]
[Result "1-0"]
[WhiteElo "1998"]
[BlackElo "1862"]
[PlyCount "47"]
[EventDate "2012.06.02"]
[EventType "team-match"]
[EventRounds "2"]
[EventCountry "FRA"]
[SourceTitle "EXT 2013"]
[Source "ChessBase"]
[SourceDate "2012.11.22"]
[SourceVersion "1"]
[SourceVersionDate "2012.11.22"]
[SourceQuality "1"]

1. d4 Nf6 2. c4 c5 3. d5 e6 4. Nc3 exd5 5. cxd5 d6 6. e4 g6 7. f4 Bg7 8. Nf3 0-0 9. Be2 a6 10. e5 dxe5 11. fxe5 Ng4 12. Bg5 Qa5 13. 0-0 Nxe5 14. Nxe5 Bxe5 15. Qd2 Nd7 16. Be7 Re8 17. d6 Bd4+ 18. Kh1 Ne5 19. Qh6 Rxe7 20. dxe7 Be6 21. Ne4 Ng4 22. Bxg4 Bg7 23. Nf6+ Bxf6 24. Bxe6 1-0

[Event "Ajaccio op 1st"]
[Site "Ajaccio"]
[Date "2012.04.27"]
[Round "6"]
[White "Luciani, Thibault"]
[Black "Guillemart, Serge"]
[Result "1-0"]
[WhiteElo "1990"]
[BlackElo "1745"]
[PlyCount "55"]
[EventDate "2012.04.24"]
[EventType "swiss"]
[EventRounds "9"]
[EventCountry "FRA"]
[SourceTitle "CBM 148 Extra"]
[Source "ChessBase"]
[SourceDate "2012.06.22"]
[SourceVersion "1"]
[SourceVersionDate "2012.06.22"]
[SourceQuality "1"]

1. d4 f5 2. c4 Nf6 3. Nf3 g6 4. e3 Bg7 5. Bd3 0-0 6. 0-0 d6 7. Nc3 Nbd7 8. Ng5 Nb6 9. f4 h6 10. Nf3 c6 11. a4 Qc7 12. a5 Nbd7 13. e4 fxe4 14. Nxe4 Nh5 15. g3 e5 16. fxe5 dxe5 17. d5 cxd5 18. cxd5 Ndf6 19. d6 Qd7 20. Nxe5 Qh3 21. Nf2 Qe6 22. Bc4 Nd5 23. Bxd5 Bxe5 24. Bxe6+ Bxe6 25. Qe2 Rf5 26. Bf4 Nxf4 27. gxf4 Re8 28. Qxe5 1-0

[Event "FRA-ch U18"]
[Site "Nimes"]
[Date "2012.04.20"]
[Round "8"]
[White "Luciani, Thibault"]
[Black "Loiseau, Quentin"]
[Result "0-1"]
[WhiteElo "1990"]
[BlackElo "2273"]
[PlyCount "86"]
[EventDate "2012.04.14"]
[EventType "swiss"]
[EventRounds "9"]
[EventCountry "FRA"]
[SourceTitle "CBM 148 Extra"]
[Source "ChessBase"]
[SourceDate "2012.06.22"]
[SourceVersion "1"]
[SourceVersionDate "2012.06.22"]
[SourceQuality "1"]

1. d4 Nf6 2. c4 c5 3. d5 e6 4. Nc3 exd5 5. cxd5 d6 6. e4 g6 7. f4 Bg7 8. Nf3 0-0 9. Be2 Bg4 10. 0-0 Nbd7 11. h3 Bxf3 12. Bxf3 a6 13. g4 Ne8 14. g5 Nc7 15. Ne2 Nb5 16. f5 Be5 17. f6 Nd4 18. Nxd4 Bxd4+ 19. Kh1 Ne5 20. Bg4 Re8 21. Qe2 Qb6 22. Qc2 Qb5 23. Bf4 Rad8 24. Rad1 Qc4 25. Qxc4 Nxc4 26. b3 Ne3 27. Bxe3 Bxe3 28. Rde1 Bxg5 29. Kg2 Re5 30. Kg3 h5 31. Bd1 Rde8 32. h4 Bd2 33. Re2 Bc3 34. Kf3 b5 35. Bc2 Bd4 36. Bd3 Rb8 37. Rg2 Kh7 38. Ke2 Kh6 39. Rb1 a5 40. a4 bxa4 41. bxa4 Rxb1 42. Bxb1 Re8 43. Kd3 Bxf6 0-1

[Event "Corsica-ch qual"]
[Site "Bastia"]
[Date "2011.06.04"]
[Round "1.6"]
[White "Battesti, Marc Andria"]
[Black "Luciani, Thibault"]
[Result "0-1"]
[WhiteElo "1988"]
[BlackElo "1926"]
[PlyCount "78"]
[EventDate "2011.06.04"]
[EventType "match"]
[EventRounds "2"]
[EventCountry "FRA"]
[SourceTitle "EXT 2013"]
[Source "ChessBase"]
[SourceDate "2012.11.22"]
[SourceVersion "1"]
[SourceVersionDate "2012.11.22"]
[SourceQuality "1"]

1. e4 c5 2. Nc3 Nc6 3. Nf3 d6 4. d4 cxd4 5. Nxd4 Nf6 6. a3 e6 7. Be2 Be7 8. 0-0 0-0 9. h3 Bd7 10. Be3 a6 11. Qd2 Nxd4 12. Qxd4 Bc6 13. Rad1 Qc7 14. Rfe1 b5 15. Bf1 d5 16. exd5 Nxd5 17. Nxd5 Bxd5 18. c3 Bb3 19. Rd2 Rad8 20. Qg4 f5 21. Qf3 Rxd2 22. Bxd2 Bd5 23. Bf4 Qc6 24. Qe3 Bc5 25. Qe5 Rd8 26. Qc7 Qxc7 27. Bxc7 Rd7 28. Bf4 Bb3 29. Be2 h6 30. h4 Be7 31. h5 Bg5 32. Bxg5 hxg5 33. Bf3 Kf7 34. g4 f4 35. Re5 Kf6 36. Re1 e5 37. Kf1 Rd2 38. Re2 Bc4 39. Ke1 Bxe2 0-1

[Event "Porticcio op 12th"]
[Site "Porticcio"]
[Date "2010.04.05"]
[Round "8"]
[White "Leibenguth, Jean"]
[Black "Luciani, Thibault"]
[Result "0-1"]
[WhiteElo "1725"]
[BlackElo "1861"]
[PlyCount "34"]
[EventDate "2010.04.01"]
[EventType "swiss"]
[EventRounds "9"]
[EventCountry "FRA"]
[SourceTitle "EXT 2012"]
[Source "ChessBase"]
[SourceDate "2011.11.24"]
[SourceVersion "1"]
[SourceVersionDate "2011.11.24"]
[SourceQuality "1"]

1. e4 c5 2. Nf3 Nc6 3. Bc4 e6 4. d4 cxd4 5. Nxd4 Nf6 6. Nc3 Bb4 7. Nxc6 bxc6 8. Qf3 d5 9. exd5 exd5 10. Be2 0-0 11. 0-0 Re8 12. Bd3 Bg4 13. Qf4 Bd6 14. Qg5 h6 15. Qh4 Re5 16. Bf4 g5 17. Qxh6 gxf4 0-1

[Event "FRA-ch U14"]
[Site "Aix les Bains"]
[Date "2009.04.24"]
[Round "7"]
[White "Luciani, Thibault"]
[Black "Rouffignac, Tanguy"]
[Result "0-1"]
[WhiteElo "1864"]
[BlackElo "1671"]
[PlyCount "66"]
[EventDate "2009.04.19"]
[EventType "swiss"]
[EventRounds "9"]
[EventCountry "FRA"]
[SourceTitle "CBM 130 Extra"]
[Source "ChessBase"]
[SourceDate "2009.07.02"]
[SourceVersion "2"]
[SourceVersionDate "2009.07.15"]
[SourceQuality "1"]

1. e4 e5 2. Nf3 Nc6 3. Bc4 Bc5 4. c3 Nf6 5. d4 exd4 6. cxd4 Bb4+ 7. Nc3 Nxe4 8. 0-0 Nxc3 9. bxc3 d5 10. cxb4 dxc4 11. Re1+ Ne7 12. Qe2 Be6 13. Ng5 Qd5 14. Nxe6 fxe6 15. Bf4 0-0-0 16. Rac1 b5 17. a4 Nc6 18. axb5 Nxd4 19. Qa2 Nxb5 20. Qa6+ Kb8 21. Ra1 Qb7 22. Qxe6 c3 23. Be3 Rd6 24. Qc4 Rhd8 25. Qc5 Rd5 26. Qe7 c2 27. Qe4 Qc6 28. Bc5 Qg6 29. Qxg6 hxg6 30. Kf1 Rd1 31. Ke2 Nc3+ 32. Kf3 Rxa1 33. Rxa1 Rd1 0-1

[Event "FRA-ch U14"]
[Site "Aix les Bains"]
[Date "2009.04.23"]
[Round "6"]
[White "Jeannesson, Etienne"]
[Black "Luciani, Thibault"]
[Result "1/2-1/2"]
[WhiteElo "1780"]
[BlackElo "1864"]
[PlyCount "107"]
[EventDate "2009.04.19"]
[EventType "swiss"]
[EventRounds "9"]
[EventCountry "FRA"]
[SourceTitle "CBM 130 Extra"]
[Source "ChessBase"]
[SourceDate "2009.07.02"]
[SourceVersion "2"]
[SourceVersionDate "2009.07.15"]
[SourceQuality "1"]

1. e4 c5 2. Nc3 Nc6 3. g3 g6 4. d3 Bg7 5. Be3 d6 6. Bg2 Rb8 7. Qd2 b5 8. Nge2 Nd4 9. Nd1 b4 10. c3 bxc3 11. bxc3 Nxe2 12. Qxe2 Qa5 13. Qd2 Nf6 14. Bh6 0-0 15. Bxg7 Kxg7 16. 0-0 Ba6 17. f4 Rfd8 18. Ne3 Kg8 19. f5 Rb6 20. Rab1 Rdb8 21. Rxb6 Qxb6 22. g4 Qb2 23. Rf2 Qb1+ 24. Bf1 c4 25. g5 Nd7 26. fxg6 hxg6 27. Nd5 Ne5 28. Nxe7+ Kf8 29. d4 Nd3 30. Nxg6+ Kg7 31. Rf6 fxg6 32. Qg2 Qc1 33. Qg3 Rb5 34. d5 Rb8 35. Rxd6 Bc8 36. Rc6 Qf4 37. Rc7+ Kg8 38. Qxf4 Nxf4 39. d6 Be6 40. d7 Rd8 41. Bxc4 Bxc4 42. Rxc4 Rxd7 43. a4 Kf7 44. h4 Ke7 45. Kf2 Nd3+ 46. Ke3 Ne5 47. Rc5 Kd6 48. Rd5+ Ke6 49. Rc5 Rd3+ 50. Ke2 Rh3 51. Ra5 Re3+ 52. Kxe3 Nc4+ 53. Kd4 Nxa5 54. c4 1/2-1/2

[Event "Bastia CC Spring op 35th"]
[Site "Bastia"]
[Date "2009.03.27"]
[Round "?"]
[White "Luciani, Thibault"]
[Black "Rossi, Pascal"]
[Result "1/2-1/2"]
[WhiteElo "1862"]
[BlackElo "1853"]
[PlyCount "138"]
[EventDate "2009.03.21"]
[EventType "swiss"]
[EventRounds "5"]
[EventCountry "FRA"]
[SourceTitle "EXT 2010"]
[Source "ChessBase"]
[SourceDate "2010.11.25"]
[SourceVersion "1"]
[SourceVersionDate "2010.11.25"]
[SourceQuality "1"]

1. e4 d5 2. exd5 Qxd5 3. Nf3 Nf6 4. Be2 c6 5. d4 Bf5 6. c4 Qa5+ 7. Bd2 Qc7 8. Nc3 e6 9. Rc1 Bd6 10. 0-0 a6 11. Re1 0-0 12. Bg5 Nbd7 13. c5 Bf4 14. Bxf4 Qxf4 15. Qd2 Qxd2 16. Nxd2 Nd5 17. Nxd5 exd5 18. Bf1 Rfe8 19. f3 Kf8 20. Kf2 f6 21. g4 Bg6 22. Nb3 a5 23. h4 a4 24. Nd2 h5 25. gxh5 Bxh5 26. Bh3 Rxe1 27. Rxe1 Rd8 28. Nf1 Bf7 29. Ne3 b6 30. Bxd7 Rxd7 31. Rc1 bxc5 32. Rxc5 Rb7 33. Nd1 Be8 34. Ra5 Rb4 35. Ke3 Bg6 36. Ra8+ Kf7 37. Rc8 Bc2 38. Nc3 Rxb2 39. Rxc6 Bb1 40. Nxb1 Rxb1 41. Ra6 Rb4 42. h5 Rc4 43. Kd3 Rb4 44. f4 f5 45. Rd6 Rb5 46. Kc3 Rb1 47. Rxd5 Ke6 48. Re5+ Kf6 49. Ra5 Rh1 50. Rxa4 Rxh5 51. d5 g5 52. Ra6+ Ke7 53. Re6+ Kd7 54. fxg5 Rxg5 55. a4 f4 56. Kc4 Rf5 57. Kc5 f3 58. Re1 Rf8 59. Rf1 f2 60. a5 Rc8+ 61. Kd4 Rf8 62. a6 Kd6 63. a7 Rf4+ 64. Kd3 Ra4 65. Rxf2 Rxa7 66. Rf5 Ra3+ 67. Kc4 Ra4+ 68. Kd3 Ra3+ 69. Kc4 Ra4+ 1/2-1/2

[Event "Bastia CC Winter op 34th"]
[Site "Bastia"]
[Date "2009.01.24"]
[Round "7"]
[White "Luciani, Thibault"]
[Black "Ferreira, Antonio Viriato"]
[Result "0-1"]
[WhiteElo "1863"]
[BlackElo "1870"]
[PlyCount "78"]
[EventDate "2009.01.18"]
[EventType "swiss"]
[EventRounds "7"]
[EventCountry "FRA"]
[SourceTitle "EXT 2010"]
[Source "ChessBase"]
[SourceDate "2010.11.25"]
[SourceVersion "1"]
[SourceVersionDate "2010.11.25"]
[SourceQuality "1"]

1. e4 e6 2. d4 d5 3. Nc3 Nf6 4. e5 Nfd7 5. f4 c5 6. Nf3 Nc6 7. Be3 Qa5 8. Qd2 cxd4 9. Nxd4 Bb4 10. Bd3 Nc5 11. 0-0 Nxd3 12. cxd3 Bd7 13. Nxc6 Bxc6 14. a3 Bxc3 15. bxc3 Rd8 16. d4 Bb5 17. Rf3 Rc8 18. Bf2 0-0 19. Rg3 Qc7 20. f5 exf5 21. Qh6 f6 22. exf6 Qxg3 23. Qh5 Qg6 24. Qf3 Bc6 25. fxg7 Qxg7 26. Bg3 Qg4 27. Be5 Qxf3 28. gxf3 Kf7 29. Kf2 Bb5 30. Rb1 Ba6 31. Rg1 Rg8 32. Rc1 Rg6 33. Bf4 Re8 34. Be5 Reg8 35. Ke3 Rg1 36. Rc2 R8g2 37. Rxg2 Rxg2 38. Bg3 Ke6 39. Kf4 h6 0-1